Apartmány Technik

Gespeichert in:
Bibliographische Detailangaben
1. Verfasser: Berecová, Kristína (Verfasst von)
Weitere Verfasser: Mikušková, Dagmar, 1972- (Betreuung Doktorarbeit)
Format: Manuskript Buch
Sprache:Slowakisch
Veröffentlicht: Bratislava 2015
Schlagworte:
Online-Zugang:http://is.stuba.sk/zp/portal_zp.pl?podrobnosti=93798
Tags: Tag hinzufügen
Keine Tags, Fügen Sie das erste Tag hinzu!

MARC

LEADER 00000ntm a22000003a 4500
001 stuzp52381
003 SK-STU
005 20210226082804.5
007 ta
008 150427s2015----xo-----f-mn---000-0-slo-d
040 |a STU  |b slo 
041 0 |a slo 
100 1 |a Berecová, Kristína  |u 051110  |4 aut  |U FAD Fakulta architektúry  |T FA Ústav architektúry obytných budov  |X 61943  |U A1110  |Y 392  |7 61943 
242 0 1 |a Apartmány Technik  |y eng 
245 1 0 |a Apartmány Technik 
260 |c 2015  |a Bratislava 
650 4 |a átrium  |2 slo 
650 4 |a ubytovanie pre študentov  |2 slo 
650 4 |a miesto stretnutia  |2 slo 
650 4 |a atrium  |2 eng 
650 4 |a student accommodation  |2 eng 
650 4 |a meeting point  |2 eng 
700 1 |a Mikušková, Dagmar,  |d 1972-  |4 ths  |X 469  |7 A000000469 
856 4 |u http://is.stuba.sk/zp/portal_zp.pl?podrobnosti=93798  |u https://opac.crzp.sk/?fn=detailBiblioForm&sid=367CD704F5D5570C78EEF8DE3652 
SQL |a stuzp52381  |b DBP  |c SLO  |d Apartmány Technik  |e 61943  |f Berecová, Kristína  |g 051110  |h 469  |i Mikušková, Dagmar  |j 20150611  |k 149  |l 05  |m http://is.stuba.sk/zp/portal_zp.pl?podrobnosti=93798  |n B-AU  |o 5.1.1. architektúra a urbanizmus